[Event "FastChess"]
[Site "SchemingMind.com"]
[Date "2020.10.20"]
[Round "-"]
[White "Robert Hatfield"]
[Black "Arnold Jones"]
[Result "1-0"]
[WhiteCountry "USA"]
[BlackCountry "ENG"]
[WhiteElo "1779"]
[WhiteRD "67"]
[BlackElo "1559"]
[BlackRD "62"]
[GameID "461263"]

1. c4 Nc6 2. d4 d5 3. e3 Nf6 4. Nc3 Bf5 5. Nf3 e6 6. Be2 Be7 7. O-O O-O 8. h3 Nb4 9. Bd2 Bc2 10. Qc1 Bg6
11. Ne5 c6 12. Nxg6 fxg6 13. a3 Na6 14. cxd5 exd5 15. Bxa6 bxa6 16. Qc2 Ne8 17. Na4 Qc8 18. Nc5 Nc7 19. f4 Bh4 20. Rf3 Nb5
21. Raf1 Bf6 22. Qd3 Nc7 23. b4 Rb8 24. a4 h6 25. Qxg6 Qe8 26. Qxe8 Rfxe8 27. Nd3 Ne6 28. g4 g5 29. fxg5 Bxg5 30. R1f2 Rf8
31. Rxf8+ Rxf8 32. Rxf8+ Kxf8 33. Bc1 Kg8 34. Kf2 Bh4+ 35. Kf3 Be7 36. Bd2 Bd6 37. Nc5 Bxc5 38. bxc5 Ng5+ 39. Kg2 Ne4 40. Be1 Kg7
41. Kf3 Nf6 42. Kf4 Ne4 43. Kf5 Kf7 44. h4 Nf6 45. g5 hxg5 46. hxg5 Ne4 47. a5 Kg7 48. Ke6 Nxg5+ 49. Kd7 Kf7 50. Kxc6 Ke6
51. Kb7
1-0

[Event "FastChess"]
[Site "SchemingMind.com"]
[Date "2020.10.20"]
[Round "-"]
[White "Arnold Jones"]
[Black "Robert Hatfield"]
[Result "0-1"]
[WhiteCountry "ENG"]
[BlackCountry "USA"]
[WhiteElo "1587"]
[WhiteRD "59"]
[BlackElo "1748"]
[BlackRD "64"]
[GameID "461264"]

1. c4 e5 2. Nc3 Nf6 3. e4 Nc6 4. Nd5 Nxe4 5. d3 Nf6 6. Bg5 Be7 7. Nf3 O-O 8. Qd2 Nxd5 9. cxd5 Bxg5 10. Nxg5 Nd4
11. Be2 Nxe2 12. Kxe2 d6 13. h4 c6 14. dxc6 bxc6 15. f3 Bd7 16. Ne4 Qe7 17. g4 d5 18. Ng3 e4 19. dxe4 dxe4 20. Nxe4 Bxg4
21. Kf2 Be6 22. b4 Bd5 23. Qe1 h6 24. Nc5 Qf6 25. Rh3 Rfe8 26. Qd1 Rad8 27. Nb7 Bxf3 28. Rxf3 Qxh4+ 29. Kg2 Rxd1 30. Rxd1 Re2+
31. Kf1 Rxa2 32. Rd8+ Kh7 33. Rxf7 Qh1#
0-1